01090nam a2200313 4500003000900000005001700009008004100026040004300067041000800110082002400118092000700142099003900149100004000188245005100228250001300279264003300292300002400325336002200349337002400371338003300395546002000428650002900448651001000477856005700487905001300544942001900557999001700576952018300593EG-GICUC20260121101349.0251126s1937 uk ||||fr|||| 00| 0 eng d aEG-GiCUCbengcEG-GiCUCdEG-GiCUCerda aeng04221a341.22bA U . G04221 aLaw1 11 341.22 A U . G 1 ed - 19371 aAulaire Saint. , Comte de eAuthor.10aGeneva versus peace /cComte de Saint-Aulaire. aFIRST ed aLondon :bsheed&ward,c1937. a272 pages ;c24 cm. 2rda contentatext 2rda mediaaComputer 2rda carrieraOnline Resource aText in English1 aInternational law2qrmak1 2qrmak40uhttps://fll.law.cu.edu.eg/fulltext/bks/B11-06162.pdf a75eYara 2ddcn0cBKe21 c46295d46295 00102ddc40718القانون الدولي العامaCUbLAW1d2025-11-26l0oLaw1 11 341.22 A U . G 1 ed - 1937 1106162 C1pB11-06162r2025-11-26 14:01:38t1w2025-11-26yBK